Buried Thoughts: One Life_Many Stories (Record no. 38116)
[ view plain ]
| 000 -LEADER | |
|---|---|
| fixed length control field | 01168nam a22001937a 4500 |
| 020 ## - INTERNATIONAL STANDARD BOOK NUMBER | |
| ISBN | 9788126477401 |
| 082 ## - DEWEY DECIMAL CLASSIFICATION NUMBER | |
| Classification number | 823 JOS |
| 100 ## - MAIN ENTRY--AUTHOR NAME | |
| Personal name | Joseph Annamkutty Jose |
| 245 ## - TITLE STATEMENT | |
| Title | Buried Thoughts: One Life_Many Stories |
| 250 ## - EDITION STATEMENT | |
| Edition statement | 23 |
| 260 ## - PUBLICATION, DISTRIBUTION, ETC. (IMPRINT) | |
| Name of publisher | DC Books |
| Place of publication | Kottayam |
| Year of publication | 2025 |
| 300 ## - PHYSICAL DESCRIPTION | |
| Number of Pages | Number of pages : 312 |
| 500 ## - GENERAL NOTE | |
| General note | Category : Memoirs |
| 520 ## - SUMMARY, ETC. | |
| Summary, etc | Buried Thoughts : Each personβs life is a grand sum of a thousand tales, told and untold, with its uphills and downhills and with its bleakness and magnificence. Here, joseph is narrating his own life experience with staggering honesty and you feel that you are a part of the plot. They speak to us about love, remembrance, mistake and hope that motivate us to re-examine our lives and find meaning in it. With the turn of each page, the author gives off a sensation that no matter how dark dusk is, dawn is always waiting at the end of the horizon. However, his writing will captivate you till the end and force you to bring back the memories you have buried alive under the slab called βLifeββ |
| 546 ## - LANGUAGE NOTE | |
| Language note | Language : English |
| 650 ## - SUBJECT ADDED ENTRY--TOPICAL TERM | |
| Topical Term | GEN |
| 942 ## - ADDED ENTRY ELEMENTS (KOHA) | |
| Koha item type | Text Book |
| 952 ## - LOCATION AND ITEM INFORMATION (KOHA) | |
| Damaged status | |
| Not for loan | |
| 952 ## - LOCATION AND ITEM INFORMATION (KOHA) | |
| Damaged status | |
| Not for loan | |
| Withdrawn status | Collection code | Permanent Location | Current Location | Date acquired | Source of acquisition | Cost, normal purchase price | Inventory number | Full call number | Accession Number | Price effective from | Koha item type |
|---|---|---|---|---|---|---|---|---|---|---|---|
| GENERAL | VAST Central Library | VAST Central Library | 25/11/2025 | DC Bookshop,Thrissur | 399.00 | 000729 | 823 JOS | 38260 | 18/12/2025 | Text Book | |
| GENERAL | VAST Central Library | VAST Central Library | 25/11/2025 | DC Bookshop,Thrissur | 399.00 | 000729 | 823 JOS | 38261 | 18/12/2025 | Text Book |